Орфографический словарь русского языка: 106 000 слов

Dades bibliogràfiques
Autor corporatiu: Академия наук СССР (АН СССР) Институт русского языка им. В. В. Виноградова (ИРЯ)
Altres autors: Бархударов С. Г. Степан Григорьевич (редактор)
Sumari:Авт. указаны на обороте тит. л.
Idioma:rus
Publicat: Москва, Русский язык, 1982
Edició:19-е изд., стереотип.
Matèries:
Format: MixedMaterials Llibre
KOHA link:https://koha.lib.tpu.ru/cgi-bin/koha/opac-detail.pl?biblionumber=311387

MARC

LEADER 00000nam0a2200000 4500
001 311387
005 20231102002400.0
020 |a RU  |b 82-26416 
035 |a (RuTPU)RU\TPU\book\336744 
090 |a 311387 
100 |a 20151207d1982 km y0rusy5003 ca 
101 0 |a rus 
102 |a RU 
105 |a y e 000zy 
200 1 |a Орфографический словарь русского языка  |e 106 000 слов  |f Академия наук СССР (АН СССР), Институт русского языка им. В. В. Виноградова (ИРЯ) ; под ред. С. Г. Бархударова 
205 |a 19-е изд., стереотип. 
210 |a Москва  |c Русский язык  |d 1982 
215 |a 478 с. 
300 |a Авт. указаны на обороте тит. л. 
606 1 |a Русский язык  |x Орфографические словари  |2 stltpush  |3 (RuTPU)RU\TPU\subj\26390  |9 50330 
610 1 |a лексика 
610 1 |a орфография 
610 1 |a слова 
610 1 |a грамматическая информация 
686 |a Ш141.2-41  |2 rubbk 
702 1 |a Бархударов  |b С. Г.  |g Степан Григорьевич  |4 340 
712 0 2 |a Академия наук СССР (АН СССР)  |b Институт русского языка им. В. В. Виноградова (ИРЯ)  |c (Москва)  |2 stltpush  |3 (RuTPU)RU\TPU\col\12016 
801 0 |a RU  |b RuMRKP  |c 19950704  |g psbo 
801 1 |a RU  |b 63413507  |c 20151207 
801 2 |a RU  |b 63413507  |c 20191014  |g RCR 
942 |c BK